000
00242 a2200097 4500
001
11102
100
_a
Dr. A. Rauf
245
_a
Renaissanc of Islamic Culture and civelization in Pakistan
260
_a
_b
Sh. M Ashraf
_c
090
_c
8659
_d
8659
942
_a
NUST-CAE
_c
M
_c
35443
999
_c
246175
_d
246175